West Ham quiz - Statistics

General Stats
  • This quiz has been taken 260 times
  • The average score is 9 of 16
Answer Stats
Hint Answer % Correct
Who did West Ham lose against in the 2006 FA cup final Liverpool
82%
What year did West Ham win the World Cup 1966
81%
Which West Ham Player has represented England at every level except the senior squad and fully deserves to Noble
75%
What West Ham hero scored a famous volley against AFC wimbeldon from an acute angle Paolo Di Canio
75%
What is West Hams highest finish in the Premier League 5th
65%
Who struck a late winner to win the play off final against blackpool Vaz Te
61%
Who is West Hams record signing Andy Carroll
60%
Which ex academy youngster did West Ham re-unite with after signing him on a free transfer from Liverpool Joe Cole
59%
Which two Argentines found themselves at Westham in the season of 2006/2007 Tevez and Mascherano
54%
Which West Ham manager has played for West Ham for one season Bilic
53%
Who's West Hams top ever goal scorer Vic Watson
45%
What year season were West Ham relegated (year/year) 2010/2011
44%
Who was West Hams top goal scorer 2013/2014 Nolan
42%
Who won Player of the season 2014/2015 Cresswell
32%
Which famous comedian claimed his first love was West Ham Russell Brand
30%
Which striker did West Ham sign in January from the german league in an attempt to keep them in the top flight. Demba Ba
23%
No matching quizzes found
Score Distribution
Percent of People with Each Score
Percentile by Number Answered
Your Score History
You have not taken this quiz